Manchester United Current Squad - Statistics

General Stats
  • This quiz has been taken 102 times
    68 since last reset
  • The average score is 26 of 35
Answer Stats
# Position Nation Player Name % Correct
8 MF Portugal Bruno Fernandes
100%
2 DF Portugal Diogo Dalot
96%
5 DF England Harry Maguire
96%
4 DF Netherlands Matthijs de Ligt
96%
3 DF Morocco Noussair Mazraoui
95%
1 GK Turkey Altay Bayındır
91%
30 FW Slovenia Benjamin Šeško
91%
19 FW Cameroon Bryan Mbeumo
91%
6 MF Argentina Lisandro Martínez
91%
7 MF England Mason Mount
91%
9 FW Denmark Rasmus Højlund
91%
24 GK Cameroon André Onana
89%
32 FW Denmark Chido Obi-Martin
89%
15 DF France Leny Yoro
89%
25 MF Uruguay Manuel Ugarte
89%
10 FW Brazil Matheus Cunha
89%
16 MF Ivory Coast Amad Diallo
88%
18 MF Brazil Casemiro
88%
- Coach Portugal Ruben Amorim
86%
23 DF England Luke Shaw
84%
11 FW Netherlands Joshua Zirkzee
81%
13 DF Denmark Patrick Dorgu
77%
12 DF Netherlands Tyrell Malacia
74%
31 GK Belgium Senne Lammens
72%
22 GK England Tom Heaton
70%
37 DF England Kobbie Mainoo
65%
35 DF Paraguay Diego León
53%
26 DF England Ayden Heaven
51%
- FW England Marcus Rashford
35%
- FW England Jadon Sancho
33%
43 MF England Toby Collyer
28%
33 DF England Tyler Fredricson
26%
44 MF England Dan Gore
25%
41 DF England Harry Amass
21%
36 FW England Ethan Wheatley
18%
No matching quizzes found
Score Distribution
Percent of People with Each Score
Percentile by Number Answered
Your Score History
You have not taken this quiz since the last reset